| 000 | 00786nam a2200289Ia 4500 | ||
|---|---|---|---|
| 001 | Para_10138 | ||
| 003 | CHAP | ||
| 008 | 220125s2009 xx 000 0 und d | ||
| 010 | _a208830 | ||
| 020 | _a978 - 0 - 12 - 374233 - 9 | ||
| 040 | _cCHAP | ||
| 082 | _aPA 581.87 W39 2009 | ||
| 100 |
_aWayne, Randy _9175156 |
||
| 245 |
_aPlant Cell Biology : _b From Astronomy to Zoology |
||
| 260 | _aAmsterdam | ||
| 300 | _a392 p. | ||
| 500 | _aIncluye referencias bibliográficas e índice | ||
| 650 |
_aBiología Molecular _9138922 |
||
| 650 |
_aPlantas _x Citología _9175157 |
||
| 901 | _aPA 581.87 W39 2009 | ||
| 902 | _aA | ||
| 905 | _a5232202009 amn 8000000300 06 | ||
| 910 | _a2009 | ||
| 942 | _cPARA | ||
| 942 |
_cPARA _d1 |
||
| 999 |
_c208830 _d208830 |
||